<?xml version="1.0" encoding="UTF-8"?>
<record
    xmlns:xsi="http://www.w3.org/2001/XMLSchema-instance"
    xsi:schemaLocation="http://www.loc.gov/MARC21/slim http://www.loc.gov/standards/marcxml/schema/MARC21slim.xsd"
    xmlns="http://www.loc.gov/MARC21/slim">

  <leader>02064njm a2200361 i 4500</leader>
  <controlfield tag="001">4981</controlfield>
  <controlfield tag="003">ES-MaACL</controlfield>
  <controlfield tag="005">20250622050154.0</controlfield>
  <controlfield tag="007">s|r|||||||||||</controlfield>
  <controlfield tag="008">070906s1984    sp ||| g ||||||||1|nspa d</controlfield>
  <datafield tag="245" ind1="0" ind2="0">
    <subfield code="a">Presentaci&#xF3;n del libro sobre Guatemala en el I aniversario del Tribunal Permanente de los Pueblos-Sesi&#xF3;n Guatemala </subfield>
    <subfield code="h">[Grabaci&#xF3;n sonora] / </subfield>
    <subfield code="c">intervienen Juan Carmelo Garc&#xED;a, Jos&#xE9; Antonio Mart&#xED;n Pall&#xED;n, Julio Nevares, Marco Antonio Sagastume ; modera Mar&#xED;a del Carmen Victory.</subfield>
  </datafield>
  <datafield tag="260" ind1=" " ind2=" ">
    <subfield code="a">Madrid : </subfield>
    <subfield code="b">Ateneo de Madrid, </subfield>
    <subfield code="c">1984.</subfield>
  </datafield>
  <datafield tag="300" ind1=" " ind2=" ">
    <subfield code="a">2 discos (CD-DA) (2 h. 6 min. 12 seg.) ; </subfield>
    <subfield code="c">12 cm.</subfield>
  </datafield>
  <datafield tag="490" ind1="1" ind2=" ">
    <subfield code="a">Relaciones Espa&#xF1;a con Guatemala : dimensi&#xF3;n &#xE9;tica, jur&#xED;dica y pol&#xED;tica, 31 enero 1980-31 enero 1984</subfield>
  </datafield>
  <datafield tag="500" ind1=" " ind2=" ">
    <subfield code="a">Datos basados en la invitaci&#xF3;n.</subfield>
  </datafield>
  <datafield tag="505" ind1="8" ind2=" ">
    <subfield code="a">Incluye adem&#xE1;s un acto de recuerdo del IV aniversario del asalto de la Embajada de Espa&#xF1;a en Guatemala</subfield>
  </datafield>
  <datafield tag="518" ind1=" " ind2=" ">
    <subfield code="a">Acto organizado por la Comisi&#xF3;n de Derechos Humanos de Guatemala, el Comit&#xE9; de Solidaridad con el Pueblo de Guatemala, el Instituto de Estudios Pol&#xED;ticos para Am&#xE9;rica Latina y Africa en colaboraci&#xF3;n con el Ateneo de Madrid, grabado en el sal&#xF3;n de actos el martes 31 de marzo de 1984, a las 19:30 h.</subfield>
  </datafield>
  <datafield tag="610" ind1="0" ind2="4">
    <subfield code="a">Ateneo de Madrid-</subfield>
    <subfield code="x">Actos culturales-</subfield>
    <subfield code="y">1984-</subfield>
    <subfield code="v">Grabaciones sonoras</subfield>
    <subfield code="9">1899</subfield>
  </datafield>
  <datafield tag="700" ind1="1" ind2=" ">
    <subfield code="a">Garc&#xED;a, Juan Carmelo.</subfield>
    <subfield code="9">54059</subfield>
  </datafield>
  <datafield tag="700" ind1="0" ind2=" ">
    <subfield code="a">Mart&#xED;n Pall&#xED;n, Jos&#xE9; Antonio, </subfield>
    <subfield code="d">1936-</subfield>
    <subfield code="9">77593</subfield>
  </datafield>
  <datafield tag="700" ind1="1" ind2=" ">
    <subfield code="a">Nevares, Julio.</subfield>
    <subfield code="9">85465</subfield>
  </datafield>
  <datafield tag="700" ind1="1" ind2=" ">
    <subfield code="a">Sagastume, Marco Antonio.</subfield>
    <subfield code="9">101430</subfield>
  </datafield>
  <datafield tag="700" ind1="1" ind2=" ">
    <subfield code="a">Victory, Mar&#xED;a del Carmen.</subfield>
    <subfield code="9">114405</subfield>
  </datafield>
  <datafield tag="710" ind1="2" ind2=" ">
    <subfield code="a">Ateneo de Madrid.</subfield>
    <subfield code="9">1875</subfield>
  </datafield>
  <datafield tag="710" ind1="2" ind2=" ">
    <subfield code="a">Comisi&#xF3;n de Derechos Humanos de Guatemala.</subfield>
    <subfield code="9">3012</subfield>
  </datafield>
  <datafield tag="710" ind1="2" ind2=" ">
    <subfield code="a">Comit&#xE9; de Solidaridad con el Pueblo de Guatemala.</subfield>
    <subfield code="9">3078</subfield>
  </datafield>
  <datafield tag="710" ind1="2" ind2=" ">
    <subfield code="a">IEPALA.</subfield>
    <subfield code="9">176798</subfield>
  </datafield>
  <datafield tag="830" ind1="0" ind2=" ">
    <subfield code="a">Relaciones Espa&#xF1;a con Guatemala : dimensi&#xF3;n &#xE9;tica, jur&#xED;dica y pol&#xED;tica, 31 enero 1980-31 enero 1984</subfield>
    <subfield code="9">227682</subfield>
  </datafield>
  <datafield tag="852" ind1=" " ind2=" ">
    <subfield code="a">ES-MaACL</subfield>
    <subfield code="j">ROT 5/5/33</subfield>
    <subfield code="9">5098</subfield>
    <subfield code="c">ROT</subfield>
  </datafield>
  <datafield tag="852" ind1=" " ind2=" ">
    <subfield code="a">ES-MaACL</subfield>
    <subfield code="j">ROT 5/5/34</subfield>
    <subfield code="9">203687</subfield>
    <subfield code="c">ROT</subfield>
  </datafield>
  <datafield tag="942" ind1=" " ind2=" ">
    <subfield code="2">udc</subfield>
  </datafield>
  <datafield tag="999" ind1=" " ind2=" ">
    <subfield code="c">4981</subfield>
    <subfield code="d">4981</subfield>
  </datafield>
  <datafield tag="952" ind1=" " ind2=" ">
    <subfield code="0">0</subfield>
    <subfield code="1">0</subfield>
    <subfield code="2">udc</subfield>
    <subfield code="4">0</subfield>
    <subfield code="7">0</subfield>
    <subfield code="8">archivo_palabra</subfield>
    <subfield code="a">ATENEOM</subfield>
    <subfield code="b">ATENEOM</subfield>
    <subfield code="c">ROT</subfield>
    <subfield code="d">2008-01-17</subfield>
    <subfield code="l">0</subfield>
    <subfield code="o">ROT 5/5/33</subfield>
    <subfield code="p">1005044</subfield>
    <subfield code="r">2023-02-23 00:00:00</subfield>
    <subfield code="w">2023-02-23</subfield>
    <subfield code="y">CDROM</subfield>
  </datafield>
  <datafield tag="952" ind1=" " ind2=" ">
    <subfield code="0">0</subfield>
    <subfield code="1">0</subfield>
    <subfield code="2">udc</subfield>
    <subfield code="4">0</subfield>
    <subfield code="7">0</subfield>
    <subfield code="8">archivo_palabra</subfield>
    <subfield code="a">ATENEOM</subfield>
    <subfield code="b">ATENEOM</subfield>
    <subfield code="c">ROT</subfield>
    <subfield code="d">2008-01-17</subfield>
    <subfield code="l">0</subfield>
    <subfield code="o">ROT 5/5/34</subfield>
    <subfield code="r">2024-06-18 00:00:00</subfield>
    <subfield code="w">2023-02-23</subfield>
    <subfield code="y">CDROM</subfield>
  </datafield>
</record>
